Ecosystems and human well-being : (Registro nro. 5255)
[ vista simple ]
| 000 -CABECERA | |
|---|---|
| Campo de control | 01365cam a22003014a 4500 |
| 005 - FECHA Y HORA DE LA ULTIMA TRANSACCION | |
| Campo de control | 20200104041557.0 |
| 008 - ELEMENTOS DE LONGITUD FIJA—INFORMACION GENERAL | |
| Campo de control | 051011s2005 dcua b 001 0 eng |
| 020 ## - ISBN | |
| ISBN | 1559633867 (alk. paper) |
| 020 ## - ISBN | |
| ISBN | 1559633875 (pbk. : alk. paper) |
| 040 ## - FUENTE DE CATALOGACIÓN | |
| Agencia catalogadora original | DLC |
| Agencia transcriptora | DLC |
| Agencia Modificadora | DLC |
| -- | CO-BoIAVH |
| 041 0# - IDIOMA | |
| Código de idioma para texto/pista de sonido o título separado | Inglés |
| 044 ## - PAÍS DE PUBLICACIÓN | |
| País de publicación | Estados Unidos |
| 082 04 - NUMERO DE CLASIFICACION DECIMAL DEWEY | |
| Número de clasificación | 304.2 |
| Número del ítem | E19e1 |
| 245 00 - MENCION DE TITULO | |
| Título | Ecosystems and human well-being : |
| Parte restante del título | Our human planet. Summary for decision-makers / |
| Mención de responsabilidad | Millennium Ecosystem Assessment. |
| 260 ## - PUBLICACION, DISTRIBUCION, ETC. (PIE DE IMPRENTA) | |
| Lugar de publicación, distribución, etc. | Washington, [D.C.] : |
| Nombre del editor, distribuidor, etc. | Island Press, |
| Fecha de publicación, distribución, etc. | c2005. |
| 300 ## - DESCRIPCION FISICA | |
| Extensión | xv, 109 páginas : |
| Otros detalles físicos | Ilustraciones ; |
| Dimensiones | 28 x 22 cm. |
| 490 0# - MENCION DE SERIE | |
| Mención de serie | Ecosystems and human well-being |
| 500 ## - NOTA GENERAL | |
| Nota general | Incluye índice y glosario. |
| 505 0# - NOTA DE CONTENIDO | |
| Nota de contenido | MA conceptual framework -- Current state and trends : ecosystems and their services around the year 2000 -- Scenarios : comparing alternate futures of ecosystem services and human well-being -- Policy responses : response options and strategies -- Multiscale assessments : integrated assessments at multiple scales. |
| 650 #0 - ASIENTO SECUNDARIO DE MATERIA - TERMINO TEMATICO | |
| Término temático o nombre geográfico como elemento de entrada | Human ecology. |
| 9 (RLIN) | 61542 |
| 650 #0 - ASIENTO SECUNDARIO DE MATERIA - TERMINO TEMATICO | |
| Término temático o nombre geográfico como elemento de entrada | Ecosystem management. |
| 9 (RLIN) | 382 |
| 650 16 - ASIENTO SECUNDARIO DE MATERIA - TERMINO TEMATICO | |
| Término temático o nombre geográfico como elemento de entrada | Ecología humana |
| 9 (RLIN) | 61544 |
| 650 26 - ASIENTO SECUNDARIO DE MATERIA - TERMINO TEMATICO | |
| Término temático o nombre geográfico como elemento de entrada | Administración ambiental |
| 9 (RLIN) | 466 |
| 650 26 - ASIENTO SECUNDARIO DE MATERIA - TERMINO TEMATICO | |
| Término temático o nombre geográfico como elemento de entrada | Servicios ambientales |
| 9 (RLIN) | 61546 |
| 650 26 - ASIENTO SECUNDARIO DE MATERIA - TERMINO TEMATICO | |
| Término temático o nombre geográfico como elemento de entrada | Políticas ambientales |
| 9 (RLIN) | 5366 |
| 710 2# - ASIENTO SECUNDARIO - NOMBRE CORPORATIVO | |
| Nombre corporativo o de jurisdicción como elemento de entrada | Millennium Ecosystem Assessment (Program) |
| 9 (RLIN) | 61548 |
| 942 ## - ELEMENTOS ADICIONALES (KOHA) | |
| Sistema de clasificación | Dewey Decimal Classification |
| Tipo de ítem | Libro |
| Withdrawn status | Lost status | Sistema de Clasificación | Damaged status | No para préstamo | Colección | Inventariado | Ubicación Permanente | Ubicación actual | Fecha de adquisición | Fuente de Valor | Valor | Total Checkouts | Número topográfico | Inventario / Código de Barras | Date last seen | Ejemplar | Price effective from | Forma de adquisición | Tipo de material |
|---|---|---|---|---|---|---|---|---|---|---|---|---|---|---|---|---|---|---|---|
| Dewey Decimal Classification | General | Inventariado 2017 | Bogotá | Bogotá | 24/03/2006 | Instituto | 39000.00 | LB-304.2 E19e1 | 023203 | 04/12/2012 | Ej. 1 | 04/12/2012 | Compra | Libro |